Paroles: Sans ta voix - Louane - Statistiques

Statistiques générales
  • Ce quiz a été pris 10 fois
  • Le résultat moyen est 168 sur 331
Statistiques - réponses
Réponse % Correct
a
100%
J'
100%
j'
100%
n'
90%
s'
90%
t'
90%
ta
90%
m'
80%
sans
80%
Sans
80%
voix
80%
d'
70%
de
70%
es
70%
je
70%
Je
70%
l'
70%
me
60%
moi
60%
60%
plus
60%
Y'
60%
y'
60%
ai
50%
Et
50%
jour
50%
la
50%
50%
50%
ma
50%
mes
50%
pas
50%
pour
50%
si
50%
suis
50%
toi
50%
Tu
50%
Un
50%
un
50%
cœur
40%
dans
40%
Dans
40%
En
40%
en
40%
est
40%
Le
40%
le
40%
les
40%
Les
40%
mais
40%
Mais
40%
mon
40%
ne
40%
que
40%
Que
40%
qui
40%
Toujours
40%
une
40%
au
30%
cherche
30%
comme
30%
Depuis
30%
dire
30%
goût
30%
heures
30%
même
30%
Même
30%
odeur
30%
parfois
30%
quoi?
30%
Tes
30%
tout
30%
vais
30%
veux
30%
vie
30%
vois
30%
abîment
20%
appréhension
20%
Dites-
20%
dites-
20%
embrassant
20%
entrée
20%
étouffe
20%
haut
20%
histoire
20%
noir
20%
nuit
20%
passer
20%
peurs
20%
pleure
20%
pourquoi?
20%
prison
20%
question
20%
questions
20%
rien
20%
saisons
20%
sortir
20%
sourire
20%
souvenirs
20%
temps
20%
tour
20%
trop
20%
trouve
20%
viennent
20%
blessures
10%
choix
10%
dormir
10%
dure
10%
engueules
10%
éteins
10%
face
10%
guérit
10%
marche
10%
met
10%
mots
10%
mur
10%
pur
10%
rêves
10%
reviennent
10%
soupir
10%
Aucun quiz correspondant
Distribution des résultats
% des personnes avec chaque résultat
Percentile par nombre de réponses
Votre historique - résultats
Vous n’avez pas pris ce quiz